00773cam a2200229 a 4500020001500000020002200015040000800037082002600045100002200071245008200093260009500175300002400270500007600294500002000370650002100390650002800411650002700439700002000466700002100486710002000507710001600527 a0801823595 a0801823609 (pbk.) cDLC00a339 PUB 1982 A076 Or.1 aKravis, Irving B.10aWorld product and income :binternational comparisons of real gross product / aBaltimore :bPublished for the World Bank [by] the Johns Hopkins University Press,cc1982. ax, 388 p. ;c29 cm. aHalf title: United Nations International Comparison Project, phase III. aIncludes index. 0aNational income. 0aGross national product. 0aComparative economics.1 aHeston, Alan W.1 aSummers, Robert,2 aUnited Nations.2 aWorld Bank.